[Event "Novgorod"]
[Site "?"]
[Date "1994.??.??"]
[Round "?"]
[White "Kasparov, Garry"]
[Black "Kramnik, Vladimir"]
[Result "1-0"]
[WhiteElo "2805"]
[BlackElo "2725"]
[PlyCount "71"]
[EventDate "1994.??.??"]
[Source "ChessBase"]
[SourceDate "1994.06.01"]

1. e4 c5 2. Nf3 Nc6 3. d4 cxd4 4. Nxd4 Nf6 5. Nc3 e5 6. Ndb5 d6 7. Bg5 a6 8. Na3 b5 9. Nd5 Be7 10. Bxf6 Bxf6 11. c3 O-O 12. Nc2 Rb8 13. h4 Ne7 14. Nxf6+ gxf6 15. Qd2 Bb7 16. Bd3 d5 17. exd5 Qxd5 18. O-O-O e4 19. Be2 Qxa2 20. Qh6 Qe6 21. Nd4 Qb6 22. Rh3 Kh8 23. Bg4 Rg8 24. Ne6 Rg6 25. Qf4 Re8 26. Rd6 Nd5 27. h5 Nxf4 28. hxg6 Qxd6 29. Rxh7+ Kg8 30. gxf7+ Kxh7 31. fxe8=Q Nxe6 32. Bf5+ Kg7 33. Qg6+ Kf8 34. Qxf6+ Ke8 35. Bxe6 Qf8 36. Bd7+ 1-0

[Event "Monte Carlo (Monaco)"]
[Site "?"]
[Date "2004.03.22"]
[Round "3"]
[White "Kramnik Vladimir"]
[Black "Leko Peter"]
[Result "1/2-1/2"]
[WhiteElo "2760"]
[BlackElo "2743"]
[PlyCount "64"]
[EventDate "2004.??.??"]
[Source "www.chesslib.no"]
[SourceDate "2004.05.04"]

1. e4 c5 2. Nf3 Nc6 3. d4 cxd4 4. Nxd4 Nf6 5. Nc3 e5 6. Ndb5 d6 7. Bg5 a6 8. Na3 b5 9. Bxf6 gxf6 10. Nd5 f5 11. Bd3 Be6 12. O-O Bxd5 13. exd5 Ne7 14. Re1 Bg7 15. c3 Qc8 16. Nc2 Ng6 17. Nb4 Rb8 18. Nc2 O-O 19. a4 e4 20. Bf1 bxa4 21. Ne3 Qb7 22. Nc4 Qxd5 23. Qxd5 a3 24. Nxa3 Rfd8 25. Nc4 f4 26. Rxe4 Bxc3 27. Nb6 Kg7 28. Rb4 f3 29. Ra2 f6 30. h3 Kh6 31. h4 f5 32. h5 Kxh5 1/2-1/2

[Event "Wijk aan Zee 75/148"]
[Site "?"]
[Date "1999.??.??"]
[Round "?"]
[White "Kasparov, Garry"]
[Black "Van Wely, Loek"]
[Result "1-0"]
[WhiteElo "2812"]
[BlackElo "2632"]
[PlyCount "87"]
[EventDate "1999.??.??"]
[Source "ChessBase"]
[SourceDate "1999.02.01"]

1. e4 c5 2. Nf3 Nc6 3. d4 cxd4 4. Nxd4 Nf6 5. Nc3 e5 6. Ndb5 d6 7. Bg5 a6 8. Na3 b5 9. Nd5 Be7 10. Bxf6 Bxf6 11. c3 O-O 12. Nc2 Bg5 13. a4 bxa4 14. Rxa4 a5 15. Bb5 Bb7 16. Nce3 Bxe3 17. Nxe3 Ne7 18. O-O Rb8 19. Qd3 Qb6 20. Bc4 Bc6 21. Ra2 Rfd8 22. b3 Qc5 23. Rfa1 Ra8 24. h4 h6 25. h5 Bb7 26. Rd1 Bc6 27. Rda1 Bb7 28. Bd5 Bxd5 29. exd5 Rdc8 30. b4 Qxc3 31. Qxc3 Rxc3 32. Rxa5 Rb8 33. Ra7 Kf8 34. Rd7 Nc8 35. Rd8+ Ke7 36. Rg8 Rxb4 37. Ra8 Kd7 38. Rxg7 Rc1+ 39. Kh2 Rf4 40. Ng4 Ne7 41. Ra7+ Ke8 42. g3 Rf5 43. Rh7 Kf8 44. Ra8+ 1-0

[Event "Dortmund"]
[Site "Dortmund"]
[Date "1997.07.13"]
[Round "9"]
[White "Short, Nigel D"]
[Black "Kramnik, Vladimir"]
[Result "1/2-1/2"]
[WhiteElo "2660"]
[BlackElo "2770"]
[PlyCount "52"]
[EventDate "1997.07.04"]
[Source "ChessBase"]
[SourceDate "1997.10.13"]

1. e4 c5 2. Nf3 Nc6 3. d4 cxd4 4. Nxd4 Nf6 5. Nc3 e5 6. Ndb5 d6 7. Bg5 a6 8. Na3 b5 9. Bxf6 gxf6 10. Nd5 Bg7 11. c3 f5 12. exf5 Bxf5 13. Nc2 Be6 14. Nce3 Ne7 15. g3 Nxd5 16. Nxd5 O-O 17. Bg2 Rb8 18. O-O a5 19. Qh5 Qd7 20. Qh4 Bxd5 21. Bxd5 Kh8 22. g4 f5 23. gxf5 Qxf5 24. Be4 Bf6 25. Bxf5 Bxh4 26. Be4 Rf4 1/2-1/2

[Event "Tilburg Fontys"]
[Site "Tilburg"]
[Date "1997.09.29"]
[Round "3"]
[White "Svidler, Peter"]
[Black "Kramnik, Vladimir"]
[Result "1/2-1/2"]
[WhiteElo "2660"]
[BlackElo "2770"]
[PlyCount "51"]
[EventDate "1997.09.27"]
[Source "ChessBase"]
[SourceDate "1997.11.23"]

1. e4 c5 2. Nf3 Nc6 3. d4 cxd4 4. Nxd4 Nf6 5. Nc3 e5 6. Ndb5 d6 7. Bg5 a6 8. Na3 b5 9. Bxf6 gxf6 10. Nd5 Bg7 11. Bd3 Ne7 12. Nxe7 Qxe7 13. c4 f5 14. O-O O-O 15. Qf3 bxc4 16. Nxc4 d5 17. exd5 e4 18. Qe3 Bb7 19. Rfd1 Bxd5 20. Nb6 Rad8 21. Nxd5 Rxd5 22. Bxa6 Rxd1+ 23. Rxd1 Bxb2 24. Rd5 Qf6 25. Bc4 Rd8 26. Rxd8+ 1/2-1/2

[Event "PCA/Intel-GP"]
[Site "Moscow"]
[Date "1994.??.??"]
[Round "4"]
[White "Anand, Viswanathan"]
[Black "Kramnik, Vladimir"]
[Result "1/2-1/2"]
[WhiteElo "2715"]
[BlackElo "2710"]
[PlyCount "114"]
[EventDate "1994.04.??"]
[Source "ChessBase"]

1. e4 c5 2. Nf3 Nc6 3. d4 cxd4 4. Nxd4 Nf6 5. Nc3 e5 6. Ndb5 d6 7. Bg5 a6 8. Na3 b5 9. Bxf6 gxf6 10. Nd5 Bg7 11. Bd3 Ne7 12. Nxe7 Qxe7 13. c3 f5 14. Nc2 Bb7 15. Ne3 fxe4 16. Nf5 Qf6 17. Bxe4 d5 18. Bxd5 Rd8 19. Qg4 Rxd5 20. Qxg7 Qxg7 21. Nxg7+ Ke7 22. Nf5+ Ke6 23. Ne3 Rd7 24. Ke2 f5 25. f3 f4 26. Nc2 Rg8 27. Rhg1 Bd5 28. Kf2 Bxa2 29. Nd4+ exd4 30. Rxa2 dxc3 31. bxc3 Rd6 32. Rga1 Kf5 33. g4+ fxg3+ 34. hxg3 Rgg6 35. g4+ Kf4 36. Rb1 Rge6 37. Rb4+ Kg5 38. Rb1 Rd3 39. Kg3 Rxc3 40. Rh1 Kg6 41. Rah2 Rf6 42. Rh6+ Kf7 43. Rxh7+ Ke6 44. Rf1 Kd5 45. g5 Rfc6 46. Kg4 b4 47. Rb7 b3 48. f4 a5 49. f5 R6c4+ 50. Kh5 Kc6 51. Rb8 Kc7 52. Rb5 Kc6 53. Rxa5 Rc1 54. Ra6+ Kc7 55. Rxc1 Rxc1 56. Ra7+ Kc6 57. Ra6+ Kc7 1/2-1/2